FORENSIC FIREARM EXAMINATION (Record no. 30762)

MARC details
000 -LEADER
fixed length control field 00397nam a22001697a 4500
003 - CONTROL NUMBER IDENTIFIER
control field SGT
020 ## - INTERNATIONAL STANDARD BOOK NUMBER
International Standard Book Number 9780128145395
082 ## - DEWEY DECIMAL CLASSIFICATION NUMBER
Classification number 614.1
Item number F19M
100 ## - MAIN ENTRY--PERSONAL NAME
Personal name MONTURO, CHRIS
245 ## - TITLE STATEMENT
Title FORENSIC FIREARM EXAMINATION
250 ## - EDITION STATEMENT
Edition statement 1ST
260 ## - PUBLICATION, DISTRIBUTION, ETC. (IMPRINT)
Place of publication, distribution, etc UK
Name of publisher, distributor, etc ACADEMIC PRESS PUB
Year of Publication 2019
300 ## - PAGE DESCRIPTION
No. of Pages 326
650 ## - SUBJECT ADDED ENTRY--TOPICAL TERM
Topical term or geographic name as entry element FORENSIC MEDICINE
653 ## - KEYWORDS--INDEX TERM
Keyword term FORENSIC FIREARM EXAMINATION
942 ## - ADDED ENTRY ELEMENTS (KOHA)
Source of classification or shelving scheme Dewey Decimal Classification
Koha item type Books
Holdings
Withdrawn status Lost status Source of classification or shelving scheme Damaged status Not for loan Collection code Home library Current library Shelving location Date acquired Vendor Name Cost, normal purchase price SGTU Bill Number Total Checkouts Full call number Accession No. (Barcode) Date last seen Bill Date Koha item type
    Dewey Decimal Classification   Not For Loan MEDICAL SGT Medical Library SGT Medical Library Reference Book 11/02/2025 ABC DELHI 8835.00 SGTU 20461   614.1 F19M FM15012 08/04/2025 11/02/2025 Books